LIBRARY & INFORMATION CENTRE, KCAET, TAVANUR

ONLINE PUBLIC ACCESS CATALOGUE (OPAC)

Statistics in Social Research / (Record no. 9133)

MARC details
000 -LEADER
fixed length control field 00296cam a2200121ua 4500
082 ## - DEWEY DECIMAL CLASSIFICATION NUMBER
Classification number 519.507 2
Item number WEI/ST
100 ## - MAIN ENTRY--AUTHOR NAME
Personal name Weiss, Robert S .
245 ## - TITLE STATEMENT
Title Statistics in Social Research /
250 ## - EDITION STATEMENT
Edition statement 1 /
260 ## - PUBLICATION, DISTRIBUTION, ETC. (IMPRINT)
Place of publication London :
Name of publisher John Wiley & Sons ,
Year of publication 1968.
300 ## - PHYSICAL DESCRIPTION
Number of Pages 369 ; .
942 ## - ADDED ENTRY ELEMENTS (KOHA)
Koha item type Books
Holdings
Withdrawn status Lost status Damaged status Home library Current library Date acquired Full call number Accession Number Koha item type
      KAUAET KAUAET 07/04/2012 519.507 2 13268 Books
free website counter